[Event "2.BLS 0506 Karlsruher SF - Heidelberg H"]
[Site "?"]
[Date "2006.02.19"]
[Round "7.5"]
[White "Syska, Albert"]
[Black "Werner, Clemens"]
[Result "1-0"]
[WhiteElo "2230"]
[BlackElo "2282"]
[PlyCount "59"]
[EventDate "2006.??.??"]

1. e4 e5 2. Nf3 Nc6 3. Bb5 Nf6 4. O-O d6 5. Re1 Bd7 6. c3 Be7 7. d4 O-O 8. d5
Nb8 9. Bxd7 Nbxd7 10. c4 Nc5 11. Nc3 a5 12. Qc2 c6 13. Be3 cxd5 14. Bxc5 dxe4
15. Nxe4 dxc5 16. Nxe5 Qc7 17. Nc3 Rfe8 18. h3 Rad8 19. Ng4 Nxg4 20. hxg4 Qc6
21. Nd5 Bf6 22. Qf5 h6 23. Rad1 Rxe1+ 24. Rxe1 Rd6 25. Re7 Re6 26. Rxe6 Qxe6
27. Nxf6+ Qxf6 28. Qxf6 gxf6 29. Kh2 Kg7 30. Kg3 1-0

[Event "2.BLS 0506 Karlsruher SF - Heidelberg H"]
[Site "?"]
[Date "2006.02.19"]
[Round "7.6"]
[White "Bach, Edwin"]
[Black "Kindsvogel, Robert"]
[Result "1/2-1/2"]
[WhiteElo "2296"]
[BlackElo "2299"]
[PlyCount "67"]
[EventDate "2006.??.??"]

1. Nf3 d5 2. c4 c6 3. b3 Nf6 4. Bb2 Bf5 5. g3 e6 6. Bg2 Nbd7 7. O-O Bd6 8. d3
O-O 9. Nbd2 Qe7 10. a3 a5 11. Nh4 Bg4 12. h3 Bh5 13. Re1 Ne8 14. Qc2 f5 15. e3
Be5 16. Bxe5 Nxe5 17. Qc3 Nd7 18. b4 axb4 19. axb4 Nd6 20. Rxa8 Rxa8 21. Ra1
Rxa1+ 22. Qxa1 Be2 23. c5 Nb5 24. Qa8+ Nf8 25. d4 f4 26. Nhf3 fxe3 27. fxe3 Nc3
28. Qa3 Nb5 29. Qa1 Ng6 30. h4 h6 31. Kf2 Bd3 32. Kg1 Be2 33. Kf2 Bd3 34. Kg1
1/2-1/2

[Event "2.BLS 0506 Karlsruher SF - Heidelberg H"]
[Site "?"]
[Date "2006.02.19"]
[Round "7.7"]
[White "Richter, Georg"]
[Black "Duschek, Volker"]
[Result "0-1"]
[WhiteElo "2243"]
[BlackElo "2287"]
[PlyCount "68"]
[EventDate "2006.??.??"]

1. e4 c5 2. d4 cxd4 3. c3 d3 4. Bxd3 d6 5. c4 Nf6 6. Nc3 e6 7. Nf3 Be7 8. O-O
Nbd7 9. Qe2 O-O 10. h3 b6 11. Bf4 Bb7 12. Rad1 a6 13. Bb1 Qc7 14. b3 b5 15. Qd3
bxc4 16. Qxc4 Rfc8 17. Qxc7 Rxc7 18. Na4 Bxe4 19. Bxd6 Bxd6 20. Rxd6 Bxf3 21.
gxf3 g5 22. h4 h6 23. hxg5 hxg5 24. Re1 Kg7 25. Bd3 a5 26. Bc4 Raa7 27. Nc3 Rc5
28. Nb5 Ra8 29. Nd4 Rac8 30. Ra6 Ne5 31. Ra7 Kg6 32. Rxe5 Rxe5 33. Nb5 Nd5 34.
Nd6 Re1+ 0-1

[Event "2.BLS 0506 Karlsruher SF - Heidelberg H"]
[Site "?"]
[Date "2006.02.19"]
[Round "7.8"]
[White "Schlager, Thomas"]
[Black "Wrede, Michael"]
[Result "1/2-1/2"]
[WhiteElo "2297"]
[BlackElo "2183"]
[PlyCount "50"]
[EventDate "2006.??.??"]

1. d4 e6 2. c4 f5 3. Nc3 Nf6 4. Nf3 Bb4 5. Qb3 Bxc3+ 6. Qxc3 b6 7. b4 O-O 8. e3
Bb7 9. Be2 d6 10. a4 a5 11. b5 Nbd7 12. O-O Qe7 13. Qc2 Rae8 14. Ba3 Ne4 15.
Ne5 {(=)} Nxe5 16. dxe5 Nc5 17. Bxc5 dxc5 18. f4 g5 19. Bf3 Bxf3 20. Rxf3 gxf4
21. exf4 Rd8 22. Rd1 Rd4 23. Rxd4 cxd4 24. Rd3 Rd8 25. Qf2 Qb4 {(=)} 1/2-1/2

[Event "2.BLS 0506 Bayern München - SK Viernhei"]
[Site "?"]
[Date "2006.02.19"]
[Round "7.1"]
[White "Boguslavsky, Oleh"]
[Black "Marcelin, Cyril"]
[Result "1/2-1/2"]
[WhiteElo "2386"]
[BlackElo "2463"]
[PlyCount "38"]
[EventDate "2006.??.??"]

1. e4 e5 2. Nf3 Nc6 3. Bb5 Nf6 4. O-O Nxe4 5. d4 Nd6 6. Bxc6 dxc6 7. dxe5 Nf5
8. Qxd8+ Kxd8 9. Nc3 Ne7 10. h3 Bf5 11. Nd4 Bg6 12. Bg5 Kc8 13. g4 Nd5 14. Nxd5
cxd5 15. Rad1 h6 16. Bf4 c6 17. Kg2 Bc5 18. c3 h5 19. f3 Bxd4 1/2-1/2

[Event "2.BLS 0506 Bayern München - SK Viernhei"]
[Site "?"]
[Date "2006.02.19"]
[Round "7.2"]
[White "Heinzel, Olaf"]
[Black "Lazarev, Vladimir"]
[Result "0-1"]
[WhiteElo "2401"]
[BlackElo "2513"]
[PlyCount "128"]
[EventDate "2006.??.??"]

1. d4 Nf6 2. Bf4 d5 3. Nf3 c5 4. e3 Qb6 5. Nc3 Bg4 6. Nb5 Na6 7. dxc5 Qxc5 8.
Qd4 e6 9. Qxc5 Bxc5 10. Nd6+ Bxd6 11. Bxd6 Rc8 12. Ne5 Bh5 13. f3 Bg6 14. c4
Kd8 15. Rd1 Nc7 16. Bd3 Nd7 17. Nxd7 Kxd7 18. cxd5 exd5 19. Kf2 Rhd8 20. Be2 b6
21. Rd2 Kc6 22. Be7 Rd7 23. Rc1+ Kb7 24. Bh4 f6 25. e4 Rcd8 26. Bg3 Bf7 27.
Rdc2 Ne8 28. Bb5 Re7 29. Bc6+ Ka6 30. Rc3 b5 31. Rb3 dxe4 32. Bxb5+ Ka5 33. Bc4
Bxc4 34. Rxc4 exf3 35. Kxf3 Rd5 36. Bf4 g5 37. Bg3 h5 38. h3 Rf5+ 39. Bf4 Rxf4+
40. Rxf4 gxf4 41. Kxf4 Nd6 42. g4 Re4+ 43. Kf3 hxg4+ 44. hxg4 Re6 45. Ra3+ Kb6
46. Rb3+ Kc7 47. Ra3 Kb8 48. Rb3+ Nb7 49. Kf4 Ra6 50. a3 Kc7 51. Kf5 Rd6 52.
Rc3+ Kb6 53. Rb3+ Ka6 54. Re3 Nd8 55. Re7 Kb6 56. Rh7 Nc6 57. Rf7 Nd4+ 58. Ke4
a6 59. Rf8 Kc5 60. Rc8+ Nc6 61. Rc7 Kc4 62. Rb7 Re6+ 63. Kf4 Ne7 64. a4 Nd5+
0-1

[Event "2.BLS 0506 Bayern München - SK Viernhei"]
[Site "?"]
[Date "2006.02.19"]
[Round "7.3"]
[White "Beikert, Guenther Dr"]
[Black "Renner, Christoph"]
[Result "0-1"]
[WhiteElo "2428"]
[BlackElo "2447"]
[PlyCount "88"]
[EventDate "2006.??.??"]

1. Nf3 d5 2. d4 Nf6 3. c4 e6 4. Nc3 Be7 5. Bg5 O-O 6. e3 Nbd7 7. Rc1 c6 8. Bd3
dxc4 9. Bxc4 Nd5 10. Bxe7 Qxe7 11. O-O Nxc3 12. Rxc3 c5 13. d5 exd5 14. Qxd5
Nb6 15. Qh5 Nxc4 16. Rxc4 b6 17. Rd1 Be6 18. Ng5 Bf5 19. Rcc1 Rfd8 20. Nh3 g6
21. Qf3 Bxh3 22. Qxh3 Qf6 23. b3 Qb2 24. Qf3 Qxa2 25. e4 Qb2 26. h4 h5 27. g3
Qe5 28. Qf4 Qe6 29. Qe3 Re8 30. Rc4 Rad8 31. Rd3 Qf6 32. Rxd8 Rxd8 33. e5 Rd1+
34. Kh2 Qc6 35. Re4 Qe6 36. g4 Rb1 37. Rc4 Qd5 38. f3 hxg4 39. e6 Rb2+ 40. Kg3
Qxe6 41. Re4 Qd6+ 42. f4 Qd5 43. Re8+ Kh7 44. Qc3 Rg2# 0-1

[Event "2.BLS 0506 Bayern München - SK Viernhei"]
[Site "?"]
[Date "2006.02.19"]
[Round "7.4"]
[White "Klebel, Martin Dr"]
[Black "Mandel, Andreas"]
[Result "1-0"]
[WhiteElo "2391"]
[BlackElo "2410"]
[PlyCount "49"]
[EventDate "2006.??.??"]

1. d4 Nf6 2. c4 g6 3. g3 Bg7 4. Bg2 O-O 5. Nf3 d6 6. O-O Nbd7 7. b3 e5 8. dxe5
dxe5 9. Ba3 Re8 10. Nc3 c6 11. Rc1 Qa5 12. Bd6 Bf8 13. b4 Qb6 14. b5 cxb5 15.
Nxb5 Bxd6 16. Qxd6 Qxd6 17. Nxd6 Re7 18. c5 Rb8 19. Rfd1 Ne8 20. Ng5 Ndf6 21.
Rb1 h6 22. Nge4 Nxe4 23. Bxe4 Nxd6 24. cxd6 Rd7 25. Bc6 1-0

[Event "2.BLS 0506 Bayern München - SK Viernhei"]
[Site "?"]
[Date "2006.02.19"]
[Round "7.5"]
[White "Schmidt, Stefan"]
[Black "Reiss, Tibor"]
[Result "0-1"]
[WhiteElo "2234"]
[BlackElo "2396"]
[PlyCount "68"]
[EventDate "2006.??.??"]

1. e4 c5 2. b3 e6 3. Nf3 Nc6 4. Bb2 Nf6 5. e5 Nd5 6. g3 Be7 7. Bg2 O-O 8. O-O
d6 9. exd6 Qxd6 10. Na3 Bf6 11. Nc4 Qc7 12. Qc1 Nd4 13. Re1 Rd8 14. Ne3 Nb4 15.
Bc3 Nbc6 16. Qb2 e5 17. Bxd4 cxd4 18. Nc4 Bf5 19. d3 b5 20. Na3 a6 21. Rac1
Rac8 22. Nb1 Nb4 23. Red1 Be7 24. a3 Nd5 25. Nbd2 f6 26. b4 Be6 27. Re1 Qc3 28.
Qxc3 Nxc3 29. Nb3 Bxb3 30. cxb3 Ne2+ 31. Rxe2 Rxc1+ 32. Ne1 Ra1 33. Bb7 Rxa3
34. Kg2 Bxb4 0-1

[Event "2.BLS 0506 Bayern München - SK Viernhei"]
[Site "?"]
[Date "2006.02.19"]
[Round "7.6"]
[White "Meissner, Bernd-Guenther"]
[Black "Martin, Stefan"]
[Result "1-0"]
[WhiteElo "2357"]
[BlackElo "2273"]
[PlyCount "75"]
[EventDate "2006.??.??"]

1. d4 Nf6 2. c4 e6 3. Nf3 d5 4. Nc3 Bb4 5. cxd5 exd5 6. Bg5 Nbd7 7. Qc2 c5 8.
dxc5 Qa5 9. Bd2 Nxc5 10. e3 O-O 11. a3 Ne6 12. Bd3 Be7 13. O-O Qb6 14. Na4 Qd8
15. Bc3 Bd7 16. Bxf6 Bxf6 17. Bxh7+ Kh8 18. Bf5 Rc8 19. Nc3 Qa5 20. Rfe1 Bxc3
21. bxc3 Ba4 22. Qd3 Nc5 23. Qd4 Rc6 24. Qh4+ Rh6 25. Qe7 Re8 26. Qxf7 Nb3 27.
g4 Nxa1 28. g5 Ra6 29. Qh5+ Kg8 30. Qh7+ Kf8 31. Rxa1 Qxc3 32. Rb1 b5 33. Rb4
Rxe3 34. fxe3 Qxe3+ 35. Kg2 Bd1 36. Qh8+ Kf7 37. g6+ Kf6 38. Qf8# 1-0

[Event "2.BLS 0506 Bayern München - SK Viernhei"]
[Site "?"]
[Date "2006.02.19"]
[Round "7.7"]
[White "Tresch, Ralf"]
[Black "Lentrodt, Thomas"]
[Result "1/2-1/2"]
[WhiteElo "2236"]
[BlackElo "2312"]
[PlyCount "63"]
[EventDate "2006.??.??"]

1. e4 c5 2. Nf3 e6 3. b3 Nc6 4. Bb2 d6 5. Bb5 Bd7 6. O-O Nf6 7. Re1 Be7 8. d4
cxd4 9. Nxd4 Nxd4 10. Bxd7+ Qxd7 11. Qxd4 O-O 12. c4 Rfd8 13. Nc3 Ne8 14. Rad1
Qc6 15. e5 dxe5 16. Qxe5 Bf6 17. Qe2 a6 18. Rxd8 Rxd8 19. Rd1 Rxd1+ 20. Nxd1 h6
21. Bxf6 Nxf6 22. Qd3 Kf8 23. Qd8+ Ne8 24. Qd4 Qd6 25. Qxd6+ Nxd6 {(=)} 26. Kf1
Ke7 27. Ke2 Kd7 28. Kd3 Kc6 29. Nc3 Nf5 30. g3 Ne7 31. Kd4 Nf5+ 32. Kd3 {(=)}
1/2-1/2

[Event "2.BLS 0506 Bayern München - SK Viernhei"]
[Site "?"]
[Date "2006.02.19"]
[Round "7.8"]
[White "Reich, Thomas"]
[Black "Spiegel, Stefan Dr"]
[Result "1-0"]
[WhiteElo "2395"]
[BlackElo "2240"]
[PlyCount "111"]
[EventDate "2006.??.??"]

1. d4 Nf6 2. c4 e6 3. Nf3 Bb4+ 4. Nbd2 O-O 5. e3 d6 6. a3 Bxd2+ 7. Qxd2 Nbd7 8.
b4 Ne4 9. Qc2 f5 10. g3 b6 11. Bg2 Bb7 12. O-O Qe7 13. Bb2 Rac8 14. Rfd1 c5 15.
dxc5 bxc5 16. Nd2 Ndf6 17. f3 Nxd2 18. Qxd2 Rfd8 19. Rac1 d5 20. Bxf6 gxf6 21.
cxd5 Rxd5 22. Qb2 c4 23. Rxd5 Bxd5 24. Qd4 Rd8 25. e4 Bxe4 26. Qxc4 Bd5 27. Qc3
e5 28. Qe3 Bf7 29. f4 e4 30. Bf1 Qd7 31. Be2 Qd2 32. Qxd2 Rxd2 33. Kf1 Ra2 34.
Rc3 Kg7 35. h3 h5 36. Rc7 Ra1+ 37. Kf2 Kf8 38. Rxa7 Rc1 39. Ke3 Rc3+ 40. Kd4
Rc2 41. Ke3 Rc3+ 42. Kd2 Rxg3 43. b5 Bd5 44. a4 Ra3 45. b6 e3+ 46. Kc2 Ra2+ 47.
Kd3 Rb2 48. a5 Rb3+ 49. Kc2 Rb4 50. Kc3 Rb3+ 51. Kd4 Be4 52. h4 Kg8 53. Re7 Kf8
54. Rc7 Ke8 55. Bxh5+ Kd8 56. Be2 1-0

[Event "2.BLS 0506 OSC Baden Baden - Bad Mergen"]
[Site "?"]
[Date "2006.02.19"]
[Round "7.1"]
[White "Ivanov, Mikhail M"]
[Black "Schenk, Andreas"]
[Result "0-1"]
[WhiteElo "2457"]
[BlackElo "2497"]
[PlyCount "55"]
[EventDate "2006.??.??"]

1. Nf3 d5 2. g3 Bg4 3. c3 c6 4. Qb3 Qb6 5. Ne5 Bh5 6. d3 Nf6 7. Be3 Qc7 8. Nf3
Nbd7 9. Nd4 Bg6 10. Bh3 h5 11. f4 e5 12. fxe5 Nxe5 13. Bf4 Bd6 14. Na3 Nxd3+
15. exd3 Bxf4 16. gxf4 Qxf4 17. Ne2 Qh4+ 18. Kd2 Qxh3 19. Nf4 Qh4 20. Nxg6 Qf2+
21. Kc1 fxg6 22. Qxb7 O-O 23. Nc2 Rae8 24. Rd1 Re2 25. Nd4 Qe3+ 26. Kb1 Rxh2
27. a3 c5 28. Nc6 0-1

[Event "2.BLS 0506 OSC Baden Baden - Bad Mergen"]
[Site "?"]
[Date "2006.02.19"]
[Round "7.2"]
[White "Kachiani-Gersinska, Ketino"]
[Black "Gasthofer, Alexander"]
[Result "1/2-1/2"]
[WhiteElo "2421"]
[BlackElo "2418"]
[PlyCount "44"]
[EventDate "2006.??.??"]

1. d4 Nf6 2. c4 e6 3. g3 d5 4. Nf3 Be7 5. Bg2 O-O 6. O-O dxc4 7. Qc2 a6 8. Qxc4
b5 9. Qc2 Bb7 10. Bd2 Nc6 11. e3 Nb4 12. Bxb4 Bxb4 13. Rd1 Rc8 14. a3 Be7 15.
Nc3 b4 16. Na4 bxa3 17. bxa3 c5 18. Nxc5 Bxc5 19. dxc5 Qe7 20. Rac1 Ne4 21. Nd4
Nxc5 22. Bxb7 Qxb7 1/2-1/2

[Event "2.BLS 0506 OSC Baden Baden - Bad Mergen"]
[Site "?"]
[Date "2006.02.19"]
[Round "7.3"]
[White "Gasthofer, Viktor"]
[Black "Netzer, Jean"]
[Result "1/2-1/2"]
[WhiteElo "2330"]
[BlackElo "2362"]
[PlyCount "65"]
[EventDate "2006.??.??"]

1. c4 e5 2. Nc3 Bb4 3. Nd5 Be7 4. d4 d6 5. e4 c6 6. Nxe7 Qxe7 7. Ne2 Nf6 8. Nc3
O-O 9. d5 a6 10. Be2 cxd5 11. cxd5 b5 12. a3 Nbd7 13. Be3 Rb8 14. O-O Nb6 15.
b3 Bd7 16. f3 Nh5 17. Qd2 f5 18. exf5 Nf4 19. Bxf4 exf4 20. Qxf4 Rxf5 21. Qd2
Rc8 22. Rac1 Re5 23. Bd3 Rc5 24. Be4 Be8 25. Rfe1 Qb7 26. f4 Re7 27. Bf5 Bf7
28. Be6 Bxe6 29. dxe6 Qc6 30. Re3 Nd5 31. Rd3 Nxc3 32. Rcxc3 Rxe6 33. h3 {(=)}
1/2-1/2

[Event "2.BLS 0506 OSC Baden Baden - Bad Mergen"]
[Site "?"]
[Date "2006.02.19"]
[Round "7.4"]
[White "Srokowski, Yaroslav Mihajlovic"]
[Black "Bogdanovich, Grigory"]
[Result "1/2-1/2"]
[WhiteElo "2428"]
[BlackElo "2349"]
[PlyCount "138"]
[EventDate "2006.??.??"]

1. e4 c5 2. Nf3 Nf6 3. e5 Nd5 4. Nc3 Nxc3 5. dxc3 Nc6 6. Bf4 h6 7. h4 e6 8. Qd2
b6 9. O-O-O Bb7 10. Bh2 Qc7 11. Qf4 f5 12. h5 O-O-O 13. Be2 Be7 14. Bg3 Rhg8
15. Kb1 Rdf8 16. Bh4 Bxh4 17. Rxh4 Ne7 18. Qa4 Bc6 19. Bb5 Rd8 20. Bxc6 Nxc6
21. Qf4 Ne7 22. Rhh1 g5 23. hxg6 Rxg6 24. g3 Qc6 25. Nh4 Rg5 26. Qc1 Nd5 27. c4
Ne7 28. Rhe1 Kc7 29. b3 Nc8 30. Qf4 a6 31. a4 b5 32. cxb5 axb5 33. axb5 Qxb5
34. Nf3 Rg4 35. Qd2 Nb6 36. Qe2 Qb4 37. Qd2 Nd5 38. Kb2 Qb6 39. Ra1 c4 40. Qa5
Rb8 41. Qxb6+ Rxb6 42. Ra7+ Rb7 43. Rxb7+ Kxb7 44. bxc4 Nb6 45. Nd2 Nxc4+ 46.
Nxc4 Rxc4 47. Rh1 Re4 48. Rxh6 Rxe5 49. Kc3 Rd5 50. Rh4 Kc7 51. Rc4+ Kd6 52. g4
Ke7 53. f3 Kf6 54. Rd4 Rc5+ 55. Kd3 d5 56. gxf5 Kxf5 57. Rh4 Ra5 58. c3 e5 59.
Rh8 Ra3 60. Rf8+ Ke6 61. Re8+ Kd6 62. Rd8+ Kc6 63. Re8 Kd6 64. Rd8+ Ke6 65.
Re8+ Kf6 66. Rd8 d4 67. Rc8 Kf5 68. Rf8+ Kg5 69. Rg8+ Kf4 1/2-1/2

[Event "2.BLS 0506 OSC Baden Baden - Bad Mergen"]
[Site "?"]
[Date "2006.02.19"]
[Round "7.5"]
[White "Hauke, Christian"]
[Black "Mutschnik, Illya"]
[Result "1/2-1/2"]
[WhiteElo "2267"]
[BlackElo "2414"]
[PlyCount "71"]
[EventDate "2006.??.??"]

1. d4 Nf6 2. Bg5 Ne4 3. Bf4 c5 4. f3 Qa5+ 5. c3 Nf6 6. Nd2 cxd4 7. Nb3 Qf5 8.
Bxb8 Rxb8 9. Qxd4 d5 10. Qxa7 Qe5 11. Qd4 Qxd4 12. cxd4 e6 13. e3 Bd7 14. Bd3
Bd6 15. Ne2 Ke7 16. Kf2 g5 17. h4 gxh4 18. Rxh4 h5 19. Rah1 Rhc8 20. Ng3 Ra8
21. Bb1 Bxg3+ 22. Kxg3 Ba4 23. Nc5 b6 24. Nxa4 Rxa4 25. b3 Ra7 26. Kf4 Rac7 27.
g4 hxg4 28. fxg4 Rc1 29. g5 Nd7 30. e4 dxe4 31. Rxc1 Rxc1 32. Bxe4 Rf1+ 33. Ke3
Rg1 34. Kf4 Rf1+ 35. Ke3 Rg1 36. Kf4 1/2-1/2

[Event "2.BLS 0506 OSC Baden Baden - Bad Mergen"]
[Site "?"]
[Date "2006.02.19"]
[Round "7.7"]
[White "Pfleger, Michael"]
[Black "Reefschlaeger, Helmut"]
[Result "0-1"]
[WhiteElo "2217"]
[BlackElo "2314"]
[PlyCount "132"]
[EventDate "2006.??.??"]

1. d4 d5 2. Nf3 e6 3. g3 c6 4. Bg2 Nf6 5. O-O Be7 6. Ne5 O-O 7. c4 Nbd7 8. Nc3
Nxe5 9. dxe5 Nd7 10. cxd5 cxd5 11. e4 dxe4 12. Nxe4 Nxe5 13. Bf4 Nd3 14. Bd6
Bxd6 15. Qxd3 Be7 16. Rfd1 Qb6 17. Qb3 Qa5 18. Nd6 Bxd6 19. Rxd6 Rb8 20. Rad1
b5 21. a3 Bb7 22. Bxb7 Rxb7 23. Qf3 Qc7 24. h4 h6 25. Kg2 a5 26. Rc6 Qe7 27.
Ra6 a4 28. Qc6 Rfb8 29. Rd6 Rc7 30. Ra8 Rxa8 31. Qxa8+ Kh7 32. Rd8 Qc5 33. Rh8+
Kg6 34. Rb8 Rc6 35. Rd8 Rd6 36. Qe4+ f5 37. h5+ Kh7 38. Qa8 Rxd8 39. Qxd8 Qc6+
40. Kh2 Qf3 41. Qe8 Qxf2+ 42. Kh3 Qf1+ 43. Kh2 Qe2+ 44. Kg1 Qg4 45. Kf2 Qd4+
46. Kf3 Qe4+ 47. Kf2 Qc2+ 48. Ke3 Qe4+ 49. Kf2 f4 50. gxf4 Qxf4+ 51. Ke2 Qf5
52. Kd2 Qd5+ 53. Ke3 Qb3+ 54. Kf4 Qc4+ 55. Ke3 Qc5+ 56. Kd3 Qf5+ 57. Kc3 e5 58.
Qxb5 Qxh5 59. Qxa4 Qf3+ 60. Kd2 e4 61. Qd4 h5 62. Qe3 Qg2+ 63. Kc3 h4 64. Kd4
h3 65. Qf4 h2 66. Qf5+ Qg6 0-1

[Event "2.BLS 0506 OSC Baden Baden - Bad Mergen"]
[Site "?"]
[Date "2006.02.19"]
[Round "7.8"]
[White "Konson, Konstantin"]
[Black "Raps, Johannes"]
[Result "1-0"]
[WhiteElo "2245"]
[BlackElo "2116"]
[PlyCount "77"]
[EventDate "2006.??.??"]

1. e4 e5 2. Nf3 Nc6 3. Bb5 d6 4. d4 exd4 5. Nxd4 Bd7 6. Nc3 Be7 7. Nd5 Nf6 8.
Nxe7 Nxe7 9. Bd3 O-O 10. Bg5 Ng6 11. h4 h6 12. h5 Ne5 13. Bh4 c5 14. Nf5 c4 15.
Be2 Qa5+ 16. Kf1 Nxe4 17. Ne7+ Kh8 18. Qd4 f5 19. f4 Nd2+ 20. Kg1 Nc6 21. Ng6+
Kg8 22. Qxd6 Rf7 23. Rd1 Ne4 24. Qd5 Qxd5 25. Rxd5 Be6 26. Rd1 c3 27. b3 Nb4
28. Rh3 Nxc2 29. Rhd3 Bd7 30. Rxd7 Rxd7 31. Rxd7 Nb4 32. Rc7 c2 33. Be7 Nc6 34.
Ba3 Rd8 35. Bb2 Rd1+ 36. Kh2 Nf6 37. Bc4+ Kh7 38. Bxf6 Rh1+ 39. Kxh1 1-0

[Event "2.BLS 0506 SC Bann - Heidelberg HSH"]
[Site "?"]
[Date "2006.03.12"]
[Round "8.1"]
[White "Schwalfenberg, Joerg"]
[Black "Stocek, Jiri"]
[Result "0-1"]
[WhiteElo "2335"]
[BlackElo "2580"]
[PlyCount "52"]
[EventDate "2006.??.??"]

1. d4 Nf6 2. Nf3 d6 3. g3 Nbd7 4. c4 e5 5. Nc3 c6 6. Bg2 Be7 7. O-O O-O 8. e4
Re8 9. h3 b6 10. Re1 Ba6 11. b3 b5 12. cxb5 cxb5 13. Bb2 Rc8 14. Nd5 Nxd5 15.
exd5 e4 16. Nd2 f5 17. f3 e3 18. Nf1 f4 19. gxf4 Bh4 20. Rxe3 Nf6 21. Rxe8+
Qxe8 22. Ba3 Nxd5 23. Qd3 Nxf4 24. Qf5 Nxg2 25. Kxg2 Qe2+ 26. Kh1 Bb7 0-1

[Event "2.BLS 0506 SC Bann - Heidelberg HSH"]
[Site "?"]
[Date "2006.03.12"]
[Round "8.2"]
[White "Bunzmann, Dimitri"]
[Black "Roos, Jean-Luc"]
[Result "1-0"]
[WhiteElo "2537"]
[BlackElo "2294"]
[PlyCount "57"]
[EventDate "2006.??.??"]

1. c4 e5 2. Nc3 Nf6 3. Nf3 Nc6 4. e3 g6 5. d4 d6 6. d5 Ne7 7. c5 Bg7 8. Bb5+
Bd7 9. Bxd7+ Qxd7 10. e4 O-O 11. O-O Ne8 12. Be3 f5 13. Ng5 f4 14. Bd2 Rf6 15.
Ne6 Rf7 16. f3 c6 17. Qa4 dxc5 18. Nxc5 Qc7 19. Rac1 Qb6 20. b4 Rd8 21. Be1
cxd5 22. exd5 Nf5 23. Bf2 Nd4 24. Ne6 Ra8 25. Ne4 Nd6 26. Nf6+ Rxf6 27. Rfe1
Nf7 28. Nxd4 exd4 29. Re8+ 1-0

[Event "2.BLS 0506 SC Bann - Heidelberg HSH"]
[Site "?"]
[Date "2006.03.12"]
[Round "8.3"]
[White "Postojev, Alexander"]
[Black "Slobodjan, Roman"]
[Result "0-1"]
[WhiteElo "2256"]
[BlackElo "2526"]
[PlyCount "76"]
[EventDate "2006.??.??"]

1. d4 d5 2. c4 e6 3. Nf3 Nf6 4. Nc3 Be7 5. Bg5 O-O 6. e3 h6 7. Bh4 b6 8. cxd5
Nxd5 9. Bxe7 Qxe7 10. Bd3 Nxc3 11. bxc3 c5 12. O-O Nd7 13. Rc1 Bb7 14. Qe2 Rac8
15. Rfd1 cxd4 16. cxd4 Qa3 17. Rxc8 Rxc8 18. h4 Bd5 19. Rd2 Rc1+ 20. Kh2 Qd6+
21. g3 f5 22. e4 fxe4 23. Bxe4 Nf6 24. Bxd5 Qxd5 25. Qd3 Qc6 26. d5 exd5 27.
Nd4 Qc4 28. Qf3 Qf1 29. Qg2 Qe1 30. Nb3 Rc3 31. Rd4 Rc2 32. Rf4 Ng4+ 33. Kh3
Nxf2+ 34. Rxf2 Qxf2 35. Qxd5+ Qf7 36. Qa8+ Qf8 37. Qd5+ Kh8 38. Nd4 Qc8+ 0-1

[Event "2.BLS 0506 SC Bann - Heidelberg HSH"]
[Site "?"]
[Date "2006.03.12"]
[Round "8.5"]
[White "Neunhoeffer, Helmut Dr"]
[Black "Nun, Jiri"]
[Result "1/2-1/2"]
[WhiteElo "2308"]
[BlackElo "2376"]
[PlyCount "44"]
[EventDate "2006.??.??"]

1. d4 c5 2. e3 g6 3. Nf3 Bg7 4. Be2 Nf6 5. O-O cxd4 6. exd4 O-O 7. Re1 b6 8. c4
d5 9. Nc3 Bb7 10. Ne5 dxc4 11. Bxc4 Nc6 12. Nxc6 Bxc6 13. Bf4 Nd5 14. Be5 Nxc3
15. bxc3 e6 16. Qe2 Bxe5 17. Qxe5 Rc8 18. Ba6 Rc7 19. c4 Rd7 20. Rad1 Qb8 21.
Qf6 Qd8 22. Qe5 Qb8 1/2-1/2

[Event "2.BLS 0506 SC Bann - Heidelberg HSH"]
[Site "?"]
[Date "2006.03.12"]
[Round "8.6"]
[White "Muraniy, Karl-Jasmin"]
[Black "Kindsvogel, Robert"]
[Result "1/2-1/2"]
[WhiteElo "2359"]
[BlackElo "2299"]
[PlyCount "49"]
[EventDate "2006.??.??"]

1. d4 e6 2. e4 c5 3. Nf3 cxd4 4. Nxd4 Nf6 5. Bd3 Nc6 6. Nxc6 dxc6 7. O-O e5 8.
Nc3 Bg4 9. Qe1 Bc5 10. Kh1 Nh5 11. f3 Be6 12. Ne2 Qe7 13. Bd2 g5 14. b4 Bd6 15.
a3 Nf4 16. Nxf4 gxf4 17. g3 fxg3 18. Qxg3 O-O-O 19. Rg1 f6 20. Qg7 Qxg7 21.
Rxg7 Rd7 22. Rag1 Rxg7 23. Rxg7 Bf8 24. Rg3 Rg8 25. Kg2 1/2-1/2

[Event "2.BLS 0506 SC Bann - Heidelberg HSH"]
[Site "?"]
[Date "2006.03.12"]
[Round "8.7"]
[White "Wrede, Michael"]
[Black "Baerwinkel, Tobias"]
[Result "1/2-1/2"]
[WhiteElo "2183"]
[BlackElo "2266"]
[PlyCount "43"]
[EventDate "2006.??.??"]

1. d4 e6 2. e3 f5 3. Nf3 Nf6 4. c4 d5 5. Nc3 c6 6. Bd3 Bd6 7. O-O O-O 8. Bd2
Ne4 9. Ne1 Nd7 10. f4 g5 11. g3 gxf4 12. gxf4 Qh4 13. Nf3 Qh6 14. Ne5 Kh8 15.
Nxe4 fxe4 16. Be2 Nf6 17. Kh1 {(=)} Bd7 18. Qb3 Be8 19. Bb4 Bxb4 20. Qxb4 Bh5
21. Bxh5 Nxh5 {(=)} 22. Rg1 {(=)} 1/2-1/2

[Event "2.BLS 0506 SC Bann - Heidelberg HSH"]
[Site "?"]
[Date "2006.03.12"]
[Round "8.8"]
[White "Mozny, Mylos"]
[Black "Schott, Reimund"]
[Result "1-0"]
[WhiteElo "2364"]
[BlackElo "2118"]
[PlyCount "61"]
[EventDate "2006.??.??"]

1. d4 Nf6 2. Nf3 e6 3. g3 d5 4. Bg2 Be7 5. c4 O-O 6. O-O dxc4 7. Ne5 Nc6 8.
Nxc6 bxc6 9. e3 Nd5 10. Qa4 Nb6 11. Qc2 Rb8 12. Rd1 Qe8 13. b3 Bb7 14. bxc4 c5
15. Bxb7 Rxb7 16. a4 cxd4 17. a5 Nd7 18. exd4 c5 19. d5 Bf6 20. Ra3 Bd4 21. Nc3
Nf6 22. Nb5 Rxb5 23. cxb5 Qxb5 24. dxe6 fxe6 25. Be3 Bxe3 26. Rxe3 c4 27. Rd4
Nd5 28. Rxe6 Qxa5 29. Qxc4 Qa1+ 30. Kg2 Qb2 31. Re2 1-0

[Event "2.BLS 0506 SK Viernheim - OSC Baden Bad"]
[Site "?"]
[Date "2006.03.12"]
[Round "8.1"]
[White "Schenk, Andreas"]
[Black "Boguslavsky, Oleh"]
[Result "1/2-1/2"]
[WhiteElo "2497"]
[BlackElo "2386"]
[PlyCount "33"]
[EventDate "2006.??.??"]

1. d4 d5 2. c4 c6 3. Nf3 Nf6 4. e3 Bf5 5. Nc3 e6 6. Nh4 Be4 7. f3 Bg6 8. Qb3
Qb6 9. Nxg6 hxg6 10. Bd2 Nbd7 11. f4 Be7 12. Be2 Qc7 13. a3 Rc8 14. Rc1 Qb8 15.
Qa2 g5 16. cxd5 Nxd5 17. g3 1/2-1/2

[Event "2.BLS 0506 SK Viernheim - OSC Baden Bad"]
[Site "?"]
[Date "2006.03.12"]
[Round "8.2"]
[White "Beikert, Guenther Dr"]
[Black "Kachiani-Gersinska, Ketino"]
[Result "1/2-1/2"]
[WhiteElo "2428"]
[BlackElo "2421"]
[PlyCount "80"]
[EventDate "2006.??.??"]

1. e4 c6 2. d4 d5 3. e5 Bf5 4. Nf3 e6 5. Be2 Nd7 6. O-O Bg6 7. Nbd2 Nh6 8. c4
Be7 9. b3 O-O 10. Bb2 Bb4 11. a3 Ba5 12. b4 Bc7 13. Re1 a6 14. Bf1 f6 15. Nh4
Bf7 16. g3 g5 17. Ng2 fxe5 18. dxe5 a5 19. f4 gxf4 20. Nxf4 axb4 21. axb4 Qe7
22. Rxa8 Rxa8 23. Qb3 Bb6+ 24. Kh1 Ng4 25. Nf3 Bf2 26. Ra1 Rxa1 27. Bxa1 Be3
28. Bh3 Nf2+ 29. Kg2 Nxh3 30. Qxe3 Nxf4+ 31. gxf4 Bg6 32. Nd4 Be4+ 33. Kf2 Nf8
34. c5 Ng6 35. Qg3 Kf7 36. Qg4 Qh4+ 37. Qxh4 Nxh4 38. b5 cxb5 39. Nxb5 Nf5 40.
Ke2 Ke7 {(=)} 1/2-1/2

[Event "2.BLS 0506 SK Viernheim - OSC Baden Bad"]
[Site "?"]
[Date "2006.03.12"]
[Round "8.3"]
[White "Netzer, Jean"]
[Black "Mandel, Andreas"]
[Result "1-0"]
[WhiteElo "2362"]
[BlackElo "2410"]
[PlyCount "49"]
[EventDate "2006.??.??"]

1. e4 c5 2. Nc3 Nc6 3. Bb5 Nd4 4. Bc4 e6 5. Nf3 Nf6 6. O-O a6 7. e5 d5 8. exf6
dxc4 9. fxg7 Bxg7 10. d3 cxd3 11. Qxd3 Bd7 12. Nxd4 cxd4 13. Ne4 Bc6 14. Qg3
Kf8 15. Re1 Qd5 16. Qa3+ Kg8 17. Bh6 Qe5 18. Bxg7 Kxg7 19. Rad1 Bxe4 20. f3 f5
21. fxe4 fxe4 22. Qe7+ Kg6 23. Qh4 h5 24. Rxe4 Qf5 25. Rf1 1-0